000 00671nam a2200277Ia 4500
005 20260324112601.0
008 008 260324s9999 xx 000 0 eng d
020 _a9781003404736
037 _aEBOOK
040 _aCRL
040 _beng
040 _cCRL
041 _2eng
041 _aeng
084 _qCRL
100 _aGülçin Coşkun; Tuba İnal-Çekiç; Ertuğ Tombuş
_91143304
245 0 _aReclaiming Democracy in Cities
260 _bTaylor and Francis
260 _c2024
365 _a
365 _b230
856 _uhttp://www.taylorfrancis.com/books/9781003404736
942 _cEBOOK
999 _c1732562
_d1732562